000 00505nam a2200181Ia 4500
003 LDD
008 190117s9999 xx 000 0 und d
020 _a8121400252
_c₹40
040 _cLDD
041 _ahi
082 _a8H4.7 व 6459 मे -2
100 _aमहादेवी
245 0 _aमेरे प्रिय निबंध
_cमहादेवी
250 _a2सं.
260 _aनई दिल्ली
_bनेशनल
_c1986
300 _a133प्र.
942 _2ddc
_cH
999 _c165971
_d165971